000 01142nas a2200373 4500
001 BR2012002704
003 BR-BrBNA
005 20231205120447.0
007 ta
008 230509b bl.|||p| |||| 00| 00por d
040 _aBR-BrBNA
_bpor
_cBiblioteca Nacional de Agricultura
041 _a(Pt)
072 _aL73; L70; L40
100 1 _aAmorim, R.M.
100 1 _aRino, A.S.
100 1 _aDal-Pai-Silva, M.
100 1 _aBorges, A.S.
100 1 _aOliveira Filho, J.P.
100 1 _aFreitas, N.P.P.
100 1 _aMaia, L.
100 1 _aRezende, L.A.L.
245 1 _aAspectos morfológicos de biópsias musculares em equinos com miopatia sob forma de surto
246 1 _aMorphological features of muscle biopses from horses of a myopathy outbreak
650 _aEQUINO
650 _aDOENÇA ANIMAL
650 _aMIOPATIA
650 _aMORFOLOGIA ANIMAL
650 _aBIÓPSIA
650 _aMÚSCULO
650 _aEPIDEMIA
773 0 _tPesquisa Veterinária Brasileira (Brazil)
_xISSN 0100-736X
_g(Jul 2011), v. 31(7) p. 579-585
_wBR2012002704
909 _a202311
_bLúcia
_c55
_dLúcia Elande
942 _2AGRIS
_n0
_cANA
999 _c218620
_d218620